<?xml version="1.0" encoding="UTF-8"?>
<record
    xmlns:xsi="http://www.w3.org/2001/XMLSchema-instance"
    xsi:schemaLocation="http://www.loc.gov/MARC21/slim http://www.loc.gov/standards/marcxml/schema/MARC21slim.xsd"
    xmlns="http://www.loc.gov/MARC21/slim">

  <leader>00770nam a2200289Ia 4500</leader>
  <controlfield tag="001">002799</controlfield>
  <controlfield tag="008">221003s1997    xx            000 0 spa d</controlfield>
  <datafield tag="035" ind1=" " ind2=" ">
    <subfield code="a">CENDO_3965</subfield>
  </datafield>
  <datafield tag="041" ind1=" " ind2=" ">
    <subfield code="a">spa</subfield>
  </datafield>
  <datafield tag="084" ind1=" " ind2=" ">
    <subfield code="a">EM-00041-00009</subfield>
  </datafield>
  <datafield tag="110" ind1=" " ind2=" ">
    <subfield code="a">INSTITUTO NACIONAL DE EMPLEO</subfield>
    <subfield code="c">Espa&#xF1;a</subfield>
    <subfield code="9">1583</subfield>
  </datafield>
  <datafield tag="245" ind1=" " ind2="0">
    <subfield code="a">Colaboraci&#xF3;n INEM - Servei Catal&#xE1; de Col.Locaci&#xF3;</subfield>
  </datafield>
  <datafield tag="260" ind1=" " ind2=" ">
    <subfield code="a">[S.l. :</subfield>
    <subfield code="b">s.n.,</subfield>
    <subfield code="c">199?]</subfield>
  </datafield>
  <datafield tag="300" ind1=" " ind2=" ">
    <subfield code="a">11 h.  ;</subfield>
    <subfield code="c"> 30 cm</subfield>
  </datafield>
  <datafield tag="650" ind1=" " ind2=" ">
    <subfield code="a">DESEMPLEO</subfield>
    <subfield code="9">53</subfield>
  </datafield>
  <datafield tag="650" ind1=" " ind2=" ">
    <subfield code="a">SERVICIO DE EMPLEO</subfield>
    <subfield code="9">122</subfield>
  </datafield>
  <datafield tag="650" ind1=" " ind2=" ">
    <subfield code="a">SERVICIOS PUBLICOS</subfield>
    <subfield code="9">117</subfield>
  </datafield>
  <datafield tag="650" ind1=" " ind2=" ">
    <subfield code="a">CATALU&#xD1;A</subfield>
    <subfield code="9">539</subfield>
  </datafield>
  <datafield tag="710" ind1=" " ind2=" ">
    <subfield code="a">SERVEI CATALA DE COLLOCACIO</subfield>
    <subfield code="9">4592</subfield>
  </datafield>
  <datafield tag="901" ind1=" " ind2=" ">
    <subfield code="a">2</subfield>
  </datafield>
  <datafield tag="903" ind1=" " ind2=" ">
    <subfield code="a">NO</subfield>
  </datafield>
  <datafield tag="904" ind1=" " ind2=" ">
    <subfield code="a">000</subfield>
  </datafield>
  <datafield tag="953" ind1=" " ind2=" ">
    <subfield code="d">1997-10-22</subfield>
    <subfield code="y">DOCUMENTO</subfield>
    <subfield code="o">EM-00041-00009</subfield>
  </datafield>
  <datafield tag="999" ind1=" " ind2=" ">
    <subfield code="c">3964</subfield>
    <subfield code="d">3964</subfield>
  </datafield>
  <datafield tag="910" ind1=" " ind2=" ">
    <subfield code="a">1997</subfield>
  </datafield>
  <datafield tag="942" ind1=" " ind2=" ">
    <subfield code="c">DOCUMENTO</subfield>
  </datafield>
  <datafield tag="952" ind1=" " ind2=" ">
    <subfield code="0">0</subfield>
    <subfield code="1">0</subfield>
    <subfield code="4">0</subfield>
    <subfield code="7">0</subfield>
    <subfield code="a">CENDO</subfield>
    <subfield code="b">CENDO</subfield>
    <subfield code="d">1997-10-22</subfield>
    <subfield code="l">0</subfield>
    <subfield code="o">EM-00041-00009</subfield>
    <subfield code="p">CENDO_3965</subfield>
    <subfield code="r">2022-10-05 00:00:00</subfield>
    <subfield code="w">2022-10-05</subfield>
    <subfield code="y">DOCUMENTO</subfield>
  </datafield>
</record>
